| 000 | 01312nam a22003617a 4500 | ||
|---|---|---|---|
| 003 | CHAP | ||
| 005 | 20220329134640.0 | ||
| 008 | 971013s1980 r 00010 d | ||
| 010 | _a23585 | ||
| 011 | _a24557 | ||
| 035 | _a28656 | ||
| 040 | _cCHAP | ||
| 082 |
_a631.45 _bC4 |
||
| 100 | 0 | 0 |
_aChoudhari, Jorawar Singh _ecomp. _922886 |
| 245 |
_aSoils fertilizer responses and irrigation waters in arid and semi-arid regions _b: a bibliography (1833-1979) |
||
| 260 |
_aJodhpur : _bLatesh Prakasham, _c1980 |
||
| 300 | _a140 p | ||
| 590 |
_aBATCH-UPD _b10 _c20130109 _lUCH01 _h2306 |
||
| 590 |
_aBATCH-UPD _b10 _c20130110 _lUCH01 _h0050 |
||
| 590 |
_aBATCH-UPD _b10 _c20130110 _lUCH01 _h1717 |
||
| 590 |
_aBATCH-UPD _b10 _c20130409 _lUCH01 _h1822 |
||
| 590 |
_aBATCH-UPD _b10 _c20130409 _lUCH01 _h2037 |
||
| 590 |
_aBATCH-UPD _b10 _c20130410 _lUCH01 _h1102 |
||
| 590 |
_aBATCH-UPD _b10 _c20130913 _lUCH01 _h2116 |
||
| 590 |
_aCONVERSION _b10 _c20130109 _lUCH01 _h1314 |
||
| 650 | 1 | 4 |
_aAgricultura _xRegiones áridas _xBibliografía. _91782 |
| 650 | 1 | 4 |
_aAgua para irrigación _xBibliografía. _92434 |
| 650 | 1 | 4 |
_aRegiones áridas _xAgricultura _xBibliografía. _995671 |
| 650 | 1 | 4 |
_aSuelos _xFertilidad _xBibliografía. _9110368 |
| 901 | _aBK | ||
| 942 | _cLIBRO | ||
| 949 |
_a631.45 C4 _bBC _cC _d33724000942553 _eC _h61267 _i28656 _si |
||
| 999 |
_c23585 _d23585 |
||